000 00438nam a2200181Ia 4500
005 20240823014344.0
008 240823s9999||||xx |||||||||||||| ||und||
041 _aENGLISH
082 _A621.3028 P4
100 _aSeth S P
245 2 _aA Course in Electrical Engineering Materials
250 _a3rd
260 _c2004
_b"Dhanpat Rai,"
500 _aYES
650 _aElectrical Engg.
_bElectrical
942 _cBK
999 _c169840
_d169840